[Event "International Championship of Central S"]
[Site "Paracin"]
[Date "2014.07.10"]
[Round "8.25"]
[White "Stojkovic, Zoran"]
[Black "Lojovic, Matija"]
[Result "1-0"]
[WhiteElo "1971"]
[BlackElo "1839"]
[PlyCount "101"]
[EventDate "2014.07.04"]

1. e4 e6 2. d4 d5 3. exd5 exd5 4. Nf3 Bd6 5. Bg5 f6 6. Bh4 Ne7 7. Nc3 c6 8. Bg3
O-O 9. Qd2 Bf5 10. O-O-O Qc7 11. Nh4 g5 12. Nxf5 Nxf5 13. Bxd6 Nxd6 14. h4 Qg7
15. Bd3 h6 16. Rde1 Re8 17. hxg5 fxg5 18. Rxe8+ Nxe8 19. Qe2 Nc7 20. Qh5 Nd7
21. Qxh6 Qxh6 22. Rxh6 Nf8 23. Ne2 Re8 24. Rh5 Nfe6 25. c3 b6 26. Kd2 c5 27.
dxc5 bxc5 28. Ng1 Re7 29. Nf3 Rg7 30. g3 Kf7 31. Ke3 Ne8 32. Ne5+ Ke7 33. Rh7
Rxh7 34. Bxh7 Kd6 35. Nd3 N6g7 36. f4 Nf6 37. Bg6 gxf4+ 38. Kxf4 Nd7 39. g4
Ne6+ 40. Kf5 d4 41. Bf7 Nd8 42. Be8 dxc3 43. bxc3 Nb6 44. Nf4 Nc4 45. g5 Ke7
46. Bh5 Nd6+ 47. Ke5 Nb5 48. Nd5+ Kf8 49. a4 Na3 50. Kf6 Nc6 51. g6 1-0

[Event "International Championship of Central S"]
[Site "Paracin"]
[Date "2014.07.10"]
[Round "8.26"]
[White "Milosavljevic, Delimir"]
[Black "Jaklin, Damir"]
[Result "1-0"]
[WhiteElo "1836"]
[BlackElo "1962"]
[PlyCount "103"]
[EventDate "2014.07.04"]

1. c4 e6 2. Nc3 d5 3. cxd5 exd5 4. d4 Nf6 5. Nf3 c6 6. g3 Bd6 7. Bg2 O-O 8. O-O
Re8 9. a3 Nbd7 10. b4 b5 11. Nd2 Bb7 12. e4 Nxe4 13. Ndxe4 dxe4 14. Nxe4 Be7
15. Nc3 a6 16. d5 cxd5 17. Nxd5 Nf6 18. Nxe7+ Qxe7 19. Bxb7 Qxb7 20. Bb2 Rad8
21. Qb3 Qd5 22. Qc3 Rc8 23. Qd4 Rcd8 24. Qxd5 Nxd5 25. Rac1 Nb6 26. Rc6 Nc4 27.
Bc1 Re6 28. Rc7 h6 29. a4 Rd5 30. axb5 axb5 31. Bf4 g5 32. Rc8+ Kh7 33. Bb8 Nd2
34. Rfc1 Nf3+ 35. Kg2 g4 36. h3 h5 37. R8c5 Rxc5 38. bxc5 Nd4 39. hxg4 hxg4 40.
Bd6 Nc6 41. Rh1+ Kg7 42. Ra1 b4 43. Ra6 Nd4 44. Ra1 b3 45. Rb1 Nf3 46. Bf4 b2
47. Be3 Rc6 48. Rxb2 Kf8 49. Rb4 f5 50. Rb6 Rc7 51. c6 Rh7 52. Rb8+ 1-0

[Event "International Championship of Central S"]
[Site "Paracin"]
[Date "2014.07.10"]
[Round "8.27"]
[White "Zarkovic, Milos"]
[Black "Trifunovic, Borisav"]
[Result "1/2-1/2"]
[WhiteElo "1822"]
[BlackElo "1951"]
[PlyCount "119"]
[EventDate "2014.07.04"]

1. d4 Nf6 2. c4 e6 3. Nc3 Bb4 4. a3 Bxc3+ 5. bxc3 c5 6. Nf3 Qa5 7. Bd2 d6 8. e3
Nc6 9. Bd3 Qc7 10. Qc2 b6 11. e4 e5 12. d5 Na5 13. Bg5 Nd7 14. Nh4 h6 15. Be3
g6 16. O-O Qd8 17. g3 Nf6 18. f3 Ba6 19. Qe2 Qd7 20. a4 Qe7 21. Rae1 O-O-O 22.
f4 Nd7 23. f5 g5 24. Ng2 Nf6 25. Bd2 Nb3 26. Rb1 Na5 27. h3 Qd7 28. Ra1 Rdg8
29. Kh2 h5 30. Rfb1 Kc7 31. Ra2 Qe7 32. Raa1 Nd7 33. Ra2 Nb8 34. Raa1 f6 35.
Ra2 Qe8 36. Raa1 Rg7 37. Ra2 Kd8 38. Raa1 Rb7 39. Ra2 Rc7 40. Raa1 Rhh7 41. Ra2
Bc8 42. Raa1 Bd7 43. Qd1 Ke7 44. Ra2 Qc8 45. Ne3 Qa6 46. Raa1 Be8 47. Ra2 Qc8
48. Raa1 Rb7 49. Ra2 Na6 50. Raa1 Rb8 51. Ra2 Kf8 52. Raa1 Rhb7 53. Ra2 Nc7 54.
Raa1 a6 55. Ra2 Na8 56. Qc2 Qc7 57. Rba1 Ra7 58. Ra3 Qd8 59. Qa2 Nc7 60. Be2
1/2-1/2

[Event "International Championship of Central S"]
[Site "Paracin"]
[Date "2014.07.10"]
[Round "8.28"]
[White "Radovanovic, Danko"]
[Black "Kostic, Marko"]
[Result "0-1"]
[WhiteElo "1938"]
[BlackElo "1779"]
[PlyCount "130"]
[EventDate "2014.07.04"]

1. c4 c5 2. Nc3 Nf6 3. g3 g6 4. Bg2 Bg7 5. e3 Nc6 6. Nge2 O-O 7. O-O e5 8. b3
d6 9. Bb2 Rb8 10. Qc2 Nb4 11. Qb1 Bf5 12. e4 Bd7 13. a3 Nc6 14. Nd5 b5 15. Qc2
Na5 16. d3 bxc4 17. bxc4 Nxd5 18. exd5 Rb3 19. Nc1 Rb6 20. Bc3 Nb7 21. Ne2 h5
22. h4 f5 23. f4 Qe7 24. Rfe1 Re8 25. Rab1 Qd8 26. Rxb6 Qxb6 27. Rb1 Qa6 28.
Qb2 Na5 29. Qd2 Nb7 30. fxe5 dxe5 31. Qg5 Kh7 32. Bd2 Nd6 33. Bc1 e4 34. dxe4
Nxe4 35. Bxe4 Rxe4 36. Nf4 Be8 37. Nd3 Qxc4 38. Rb7 Qd4+ 39. Kh1 Re1+ 40. Nxe1
Qxd5+ 41. Kh2 Qxb7 42. Ng2 Qe4 43. Qf4 Bc6 44. Qxe4 Bxe4 45. Ne3 Bh6 46. Kg1 c4
47. Kf2 c3 48. Ke2 a5 49. Kd1 a4 50. Ke2 Kg7 51. Kd1 Kf7 52. Ke2 Ke6 53. Kd1
Bd3 54. Ke1 Kd7 55. Kd1 Kc6 56. Ke1 Kc5 57. Kd1 f4 58. Ng2 f3 59. Bxh6 fxg2 60.
Be3+ Kc4 61. Kc1 Be4 62. Bg1 Kd3 63. g4 Ke2 64. g5 Kf1 65. Bd4 g1=Q 0-1

[Event "International Championship of Central S"]
[Site "Paracin"]
[Date "2014.07.10"]
[Round "8.29"]
[White "Zivanovic, Blagoje"]
[Black "Hereklioglu, Sude"]
[Result "0-1"]
[WhiteElo "1931"]
[BlackElo "1641"]
[PlyCount "94"]
[EventDate "2014.07.04"]

1. e4 e6 2. d4 c5 3. Nf3 cxd4 4. Nxd4 Nf6 5. Nc3 Nc6 6. Ndb5 Bb4 7. a3 Bxc3+ 8.
Nxc3 d5 9. Bg5 d4 10. Ne2 Qa5+ 11. Bd2 Qb6 12. Ng3 Qxb2 13. Be2 O-O 14. O-O e5
15. f4 Qb6 16. Kh1 exf4 17. Bxf4 Re8 18. Bf3 Qc5 19. Re1 Be6 20. Nh5 Nxh5 21.
Bxh5 Ne5 22. Rb1 b6 23. a4 Bd7 24. Ra1 Ng6 25. Bg3 Bc6 26. Bf3 Rad8 27. Bf2 Qb4
28. Qd3 Ne5 29. Qf1 Qc3 30. Bg3 Nc4 31. Bh5 Rd7 32. Re2 Ne3 33. Qc1 Bxe4 34.
Bf3 Bxf3 35. gxf3 Rc8 36. Ra3 Qc6 37. Rf2 Nxc2 38. Rd3 Nb4 39. Qxc6 Rxc6 40.
Rb3 a5 41. Re2 Kf8 42. Be1 d3 43. Bxb4+ axb4 44. Rd2 Rc1+ 45. Kg2 Rc2 46. Rb2
Rxb2 47. Rxb2 d2 0-1

[Event "International Championship of Central S"]
[Site "Paracin"]
[Date "2014.07.10"]
[Round "8.30"]
[White "Miljkovic, Jovana"]
[Black "Rajic, Momcilo"]
[Result "1-0"]
[WhiteElo "1674"]
[BlackElo "1923"]
[PlyCount "67"]
[EventDate "2014.07.04"]

1. d4 Nf6 2. c4 d5 3. cxd5 Nxd5 4. e4 Nf6 5. Nc3 e6 6. Be3 c6 7. Bd3 Nbd7 8.
Nge2 e5 9. f3 Bd6 10. Qb3 Nb6 11. Bc4 Nxc4 12. Qxc4 O-O 13. O-O h6 14. Rad1 Qe7
15. dxe5 Qxe5 16. f4 Qe7 17. e5 Nd7 18. Rxd6 Nb6 19. Qd3 Be6 20. Rd1 Nc4 21.
Rxe6 Qxe6 22. Nd4 Qg4 23. Qxc4 Rad8 24. Qe2 Qc8 25. h3 c5 26. Ndb5 Rxd1+ 27.
Qxd1 Rd8 28. Nd6 Qc7 29. Qd5 b6 30. Ncb5 Qe7 31. Nf5 Qf8 32. Nbd6 g6 33. Qxf7+
Qxf7 34. Nxh6+ 1-0